Crónica del Perú
Uloženo v:
| Hlavní autor: | |
|---|---|
| Médium: | Kniha |
| Jazyk: | španělština |
| Vydáno: |
Lima
Pontificia Universidad Católica del Perú, Fondo Editorial
1994
|
| Vydání: | 2a. ed |
| Edice: | Colección Clásicos Peruanos
|
| Témata: | |
| Tagy: |
Přidat tag
Žádné tagy, Buďte první, kdo vytvoří štítek k tomuto záznamu!
|
MARC
| LEADER | 00000nam a2200000 a 4500 | ||
|---|---|---|---|
| 001 | UCG2668 | ||
| 003 | CL-VaPUC | ||
| 008 | 100715e19941100PE |||||||||||||||||spa|d | ||
| 020 | |a 8489292752 p.2 | ||
| 020 | |a 8489292914 p.3 | ||
| 082 | 0 | 4 | |a 985 |b CIE |2 21 |
| 100 | 0 | |a Cieza De León, Pedro de |e author |9 551192 | |
| 245 | 1 | 0 | |a Crónica del Perú |
| 250 | |a 2a. ed | ||
| 942 | |c BK | ||
| 945 | |d 20100715 00:00:00 |a mfarfan | ||
| 260 | |a Lima |b Pontificia Universidad Católica del Perú, Fondo Editorial |c 1994 | ||
| 650 | 0 | |a Historia de Perú |9 316239 | |
| 651 | 0 | |a Perú |9 256567 | |
| 583 | |a last modification |c 20100715 00:00:00 |k Rodrigo Vera | ||
| 490 | 0 | |a Colección Clásicos Peruanos | |
| 999 | |c 341798 |d 341796 | ||
| 952 | |0 0 |1 0 |4 0 |6 985_000000000000000_CIE_1994 |7 0 |8 X |9 437549 |a FDOBUD |b FDOBUD |d 2019-11-22 |h p.2 |i 4687051 |o 985 CIE 1994 |p 4687051 |r 2019-11-22 |w 2019-11-22 |y BK_X |k BUD | ||
| 952 | |0 0 |1 0 |4 0 |6 985_000000000000000_CIE_1994 |7 0 |8 X |9 437550 |a FDOBUD |b FDOBUD |d 2019-11-22 |h p.3 |i 468706K |o 985 CIE 1994 |p 468706K |r 2019-11-22 |w 2019-11-22 |y BK_X |k BUD | ||